| 000 | 00658nam a2200205 a 4500 | ||
|---|---|---|---|
| 001 | 000016514 | ||
| 005 | 20250204104418.0 | ||
| 008 | 100305s1987 dr a 000 0 spa d | ||
| 040 | _aDO-SdBNP | ||
| 082 |
_axxx _bR577r |
||
| 100 | 1 |
_aRímoli, Renato O _936749 |
|
| 245 | 1 | 0 |
_aRoedores fósiles de la Hispaniola / _cRenaro O. Rímoli. ; presentación Marcio Veloz Maggiolo. |
| 260 |
_aSan Pedro de Macorís : _bUniversidad Central del Este, _c1987. |
||
| 300 |
_a93 p. : _bil. ; _c24 cm. |
||
| 490 | 1 |
_aCientífica _v3 |
|
| 500 | _aIncluye notas | ||
| 700 | 1 |
_aVeloz Maggiolo, Marcio, _d1936-2021 _91104 |
|
| 830 | 0 |
_aCientífica _n3 _936750 |
|
| 049 | _aBNPD | ||
| 999 |
_c16048 _d16048 |
||